| 000 | 00658nam a2200253Ia 4500 | ||
|---|---|---|---|
| 003 | OSt | ||
| 005 | 20221005082905.0 | ||
| 006 | a|||||r|||| 00| 0 | ||
| 007 | ta | ||
| 008 | 221004b |||||||| |||| 00| 0 eng d | ||
| 020 | _a0074517961 | ||
| 024 | _a31807 | ||
| 037 | _cTextual | ||
| 040 |
_aCRL _cCRL _beng |
||
| 041 |
_2eng _aeng |
||
| 082 | _aC2, P0 | ||
| 100 |
_aNarula G K and others _9612218 |
||
| 245 | 0 | _aMaterials science | |
| 260 |
_aNew Delhi _bTata McGraw Hill Publishing Company India _c2000 |
||
| 300 |
_a392p. _ccm. |
||
| 650 | _aPHYSICS | ||
| 942 |
_hC2, P0 _cTEXL _2cc |
||
| 999 |
_c990007 _d990007 |
||